000 nam a22 7a 4500
999 _c15940
_d15940
008 161107b xxu||||| |||| 00| 0 eng d
020 _a9781890871697
020 _a1890871699
050 _aGV 481.2 .L69 2006
100 _aLox, Curt L.
245 _aThe Psychology of exercise :
_bIntegrating theory and practice/
_cCurt L. Lox; Kathleen A. Martin Ginis; Steven J. Petruzzello
250 _a2nd ed.
260 _aArizona :
_bHolcomb Hathaway,
_c2006.
300 _axiv, 450p. :
_bill. ;
500 _aIncludes bibliography and index.
650 _aExercise
_xpsychological aspects.
650 _aPhysical fitness
_xpsychological aspects.
700 _aGinis, Kathleen A. Martin
700 _a Petruzzello, Steven J.
942 _2lcc
_cBOOKS
_hGV 481.2 .L69 2006